[Event "Irena Warakomska Memorial A"]
[Site "Suwalki"]
[Date "2020.08.08"]
[Round "3"]
[White "Bugajski, Robert"]
[Black "Mulet, Piotr"]
[Result "1/2-1/2"]
[Board "7"]
[WhiteElo "2081"]
[WhiteTitle "FM"]
[WhiteCountry "POL"]
[WhiteFideId "1101528"]
[WhiteEloChange "4"]
[BlackElo "2217"]
[BlackTitle "FM"]
[BlackCountry "POL"]
[BlackFideId "1106244"]
[BlackEloChange "-4"]

1. c4 {[%clk 1:30:56]} e6 {[%clk 1:30:43]} 2. Nf3 {[%clk 1:30:37]} Nf6 {[%clk
1:31:06]} 3. b3 {[%clk 1:30:24]} d5 {[%clk 1:31:14]} 4. Bb2 {[%clk 1:30:30]} c5
{[%clk 1:31:20]} 5. e3 {[%clk 1:30:38]} Nc6 {[%clk 1:31:30]} 6. cxd5 {[%clk
1:29:04]} exd5 {[%clk 1:31:34]} 7. Be2 {[%clk 1:24:51]} Bf5 {[%clk 1:29:35]} 8.
O-O {[%clk 1:24:09]} Be7 {[%clk 1:29:36]} 9. d4 {[%clk 1:24:07]} O-O {[%clk
1:29:49]} 10. Nc3 {[%clk 1:22:47]} Rc8 {[%clk 1:24:24]} 11. Rc1 {[%clk 1:19:53]}
cxd4 {[%clk 1:23:13]} 12. Nxd4 {[%clk 1:19:45]} Bg6 {[%clk 1:23:15]} 13. Nf3
{[%clk 1:14:28]} h6 {[%clk 1:17:12]} 14. Qd2 {[%clk 1:12:00]} Ne4 {[%clk
1:14:45]} 15. Nxe4 {[%clk 1:07:21]} dxe4 {[%clk 1:14:59]} 16. Nd4 {[%clk
1:06:07]} Bb4 {[%clk 1:07:37]} 17. Qd1 {[%clk 0:58:11]} Nxd4 {[%clk 1:04:03]} 18.
Qxd4 {[%clk 0:57:07]} Qxd4 {[%clk 1:04:13]} 19. Bxd4 {[%clk 0:57:24]} a6 {[%clk
0:59:59]} 20. a4 {[%clk 0:55:21]} f6 {[%clk 0:58:32]} 21. Rc4 {[%clk 0:55:03]}
Rxc4 {[%clk 0:57:20]} 22. Bxc4+ {[%clk 0:55:10]} Bf7 {[%clk 0:57:44]} 23. Rc1
{[%clk 0:54:50]} Bd6 {[%clk 0:58:08]} 24. g4 {[%clk 0:49:11]} Re8 {[%clk
0:56:16]} 25. Kg2 {[%clk 0:48:52]} Kf8 {[%clk 0:55:20]} 26. Bc5 {[%clk 0:37:39]}
Bxc5 {[%clk 0:55:45]} 27. Bxf7 {[%clk 0:38:06]} Re5 {[%clk 0:56:09]} 28. Bg6
{[%clk 0:36:53]} a5 {[%clk 0:54:56]} 29. Rc4 {[%clk 0:35:27]} b6 {[%clk 0:55:21]}
30. Bxe4 {[%clk 0:32:52]} g5 {[%clk 0:55:42]} 31. Kf3 {[%clk 0:30:24]} Re6 {[%clk
0:55:20]} 32. Bd5 {[%clk 0:25:16]} Re5 {[%clk 0:55:21]} 33. Be4 {[%clk 0:23:08]}
Ke7 {[%clk 0:51:57]} 34. Rc3 {[%clk 0:23:12]} Re6 {[%clk 0:49:38]} 35. Rd3 {[%clk
0:23:08]} Re5 {[%clk 0:49:50]} 36. h3 {[%clk 0:22:42]} Bd6 {[%clk 0:46:03]} 37.
Rd5 {[%clk 0:20:36]} Bc7 {[%clk 0:45:39]} 38. Rd3 {[%clk 0:18:57]} Bd6 {[%clk
0:45:12]} 39. Bd5 {[%clk 0:17:51]} Bc5 {[%clk 0:44:11]} 40. Bc4 {[%clk 0:47:29]}
Bd6 {[%clk 1:14:08]} 41. Rd5 {[%clk 0:47:34]} Rxd5 {[%clk 1:13:38]} 42. Bxd5
{[%clk 0:48:02]} Kf8 {[%clk 1:13:58]} 43. Ke4 {[%clk 0:48:18]} Kg7 {[%clk
1:14:22]} 44. Bc4 {[%clk 0:47:50]} Kf8 {[%clk 1:13:02]} 45. Kd5 {[%clk 0:48:04]}
Bc5 {[%clk 1:13:20]} 46. Ke6 {[%clk 0:46:54]} Kg7 {[%clk 1:11:47]} 47. Kf5 {[%clk
0:44:22]} Bd6 {[%clk 1:06:04]} 48. Ke4 {[%clk 0:43:25]} Kf8 {[%clk 1:06:12]} 49.
Kd5 {[%clk 0:43:26]} Bc5 {[%clk 1:06:10]} 50. Kc6 {[%clk 0:43:46]} Kg7 {[%clk
1:05:18]} 51. Kd7 {[%clk 0:40:56]} Bb4 {[%clk 1:05:00]} 52. Kc6 {[%clk 0:40:50]}
Bc5 {[%clk 1:05:20]} 53. Be6 {[%clk 0:40:32]} Kf8 {[%clk 1:05:26]} 54. Bc4 {[%clk
0:38:00]} Kg7 {[%clk 1:05:45]} 55. b4 {[%clk 0:36:55]} Bxb4 {[%clk 1:06:05]} 56.
Kxb6 {[%clk 0:37:22]} Be1 {[%clk 1:06:11]} 57. f4 {[%clk 0:36:58]} gxf4 {[%clk
1:06:28]} 58. exf4 {[%clk 0:37:27]} Bd2 {[%clk 1:06:40]} 59. f5 {[%clk 0:37:21]}
Bb4 {[%clk 1:06:34]} 60. Kc6 {[%clk 0:37:48]} Be1 {[%clk 1:06:46]} 61. Kd6 {[%clk
0:37:59]} Bh4 {[%clk 1:06:34]} 62. Ke7 {[%clk 0:37:57]} Be1 {[%clk 1:06:38]} 63.
Bf7 {[%clk 0:38:15]} Bh4 {[%clk 1:06:19]} 64. Bh5 {[%clk 0:38:35]} Bg5 {[%clk
1:06:32]} 65. Ke6 {[%clk 0:39:02]} Bh4 {[%clk 1:06:52]} 66. Kd5 {[%clk 0:39:23]}
Be1 {[%clk 1:07:06]} 67. Ke4 {[%clk 0:39:45]} Bh4 {[%clk 1:07:15]} 68. Kf3 {[%clk
0:40:12]} Be1 {[%clk 1:07:20]} 69. Ke2 {[%clk 0:39:58]} Bh4 {[%clk 1:07:21]} 70.
Kf1 {[%clk 0:40:23]} Bg3 {[%clk 1:07:39]} 71. Kg2 {[%clk 0:40:46]} Bh4 {[%clk
1:08:02]} 72. Bg6 {[%clk 0:41:08]} Kf8 {[%clk 1:08:09]} 73. Kf3 {[%clk 0:41:36]}
Kg7 {[%clk 1:08:28]} 74. Ke4 {[%clk 0:42:05]} Be1 {[%clk 1:08:44]} 75. Kd5 {[%clk
0:42:30]} Bh4 {[%clk 1:09:02]} 76. Kc5 {[%clk 0:42:59]} Be1 {[%clk 1:09:11]} 77.
Kb5 {[%clk 0:43:05]} Bd2 {[%clk 1:09:25]} 78. h4 {[%clk 0:43:20]} Be1 {[%clk
1:09:44]} 79. Kb6 {[%clk 0:43:34]} Bd2 {[%clk 1:09:58]} 80. Be8 {[%clk 0:42:22]}
Be1 {[%clk 1:10:03]} 81. Bc6 {[%clk 0:41:40]} Bd2 {[%clk 1:10:23]} 82. Bd5 {[%clk
0:41:38]} Be1 {[%clk 1:10:39]} 83. Bc4 {[%clk 0:41:42]} Bd2 {[%clk 1:11:00]} 84.
Bd3 {[%clk 0:40:52]} Be1 {[%clk 1:11:23]} 85. Be2 {[%clk 0:40:50]} Bd2 {[%clk
1:11:45]} 86. Kc5 {[%clk 0:40:51]} Be1 {[%clk 1:12:06]} 87. Kb5 {[%clk 0:41:18]}
Bd2 {[%clk 1:12:30]} 88. Kc6 {[%clk 0:41:28]} Be1 {[%clk 1:12:52]} 89. h5 {[%clk
0:41:34]} Bd2 {[%clk 1:13:03]} 90. Kd6 {[%clk 0:41:49]} Bg5 {[%clk 1:13:23]} 91.
Ke6 {[%clk 0:42:17]} Bd2 {[%clk 1:13:44]} 92. Bb5 {[%clk 0:42:36]} Bg5 {[%clk
1:14:05]} 93. Bc4 {[%clk 0:42:50]} 1/2-1/2

[Event "Irena Warakomska Memorial A"]
[Site "Suwalki"]
[Date "2020.08.08"]
[Round "3"]
[White "Krasiewicz, Robert"]
[Black "Rudzinska, Michalina"]
[Result "0-1"]
[Board "8"]
[WhiteElo "2033"]
[WhiteCountry "POL"]
[WhiteFideId "1128612"]
[WhiteEloChange "-6"]
[BlackElo "2162"]
[BlackTitle "WFM"]
[BlackCountry "POL"]
[BlackFideId "1172883"]
[BlackEloChange "6"]

1. Nf3 {[%clk 1:30:56]} c5 {[%clk 1:30:50]} 2. c4 {[%clk 1:31:06]} Nc6 {[%clk
1:31:10]} 3. g3 {[%clk 1:30:49]} g6 {[%clk 1:31:06]} 4. Bg2 {[%clk 1:30:15]} Bg7
{[%clk 1:31:28]} 5. Nc3 {[%clk 1:30:32]} e6 {[%clk 1:31:30]} 6. h4 {[%clk
1:17:26]} h6 {[%clk 1:27:17]} 7. b3 {[%clk 1:03:28]} Nge7 {[%clk 1:22:53]} 8. Bb2
{[%clk 1:03:04]} d6 {[%clk 1:19:08]} 9. e3 {[%clk 0:59:14]} O-O {[%clk 1:14:20]}
10. d4 {[%clk 0:50:12]} cxd4 {[%clk 1:12:15]} 11. Nxd4 {[%clk 0:49:24]} Nxd4
{[%clk 1:07:42]} 12. exd4 {[%clk 0:49:52]} Nf5 {[%clk 1:05:13]} 13. Ne2 {[%clk
0:48:49]} Rb8 {[%clk 1:05:08]} 14. a4 {[%clk 0:44:20]} Bd7 {[%clk 1:01:46]} 15.
Qd2 {[%clk 0:43:24]} Qb6 {[%clk 0:45:02]} 16. Ra3 {[%clk 0:30:57]} Bc6 {[%clk
0:43:16]} 17. O-O {[%clk 0:19:25]} Bxg2 {[%clk 0:43:22]} 18. Kxg2 {[%clk
0:19:52]} d5 {[%clk 0:36:58]} 19. c5 {[%clk 0:19:00]} Qc7 {[%clk 0:35:18]} 20. b4
{[%clk 0:19:16]} b6 {[%clk 0:31:08]} 21. Rc1 {[%clk 0:18:32]} bxc5 {[%clk
0:28:56]} 22. dxc5 {[%clk 0:18:18]} Bxb2 {[%clk 0:20:24]} 23. Qxb2 {[%clk
0:18:46]} e5 {[%clk 0:20:27]} 24. b5 {[%clk 0:14:35]} d4 {[%clk 0:20:14]} 25. Qc2
{[%clk 0:13:45]} a6 {[%clk 0:15:51]} 26. Rb3 {[%clk 0:14:12]} axb5 {[%clk
0:15:53]} 27. axb5 {[%clk 0:14:39]} Rxb5 {[%clk 0:15:48]} 28. c6 {[%clk 0:12:17]}
Rxb3 {[%clk 0:15:11]} 29. Qxb3 {[%clk 0:12:46]} e4 {[%clk 0:11:51]} 30. h5 {[%clk
0:11:41]} d3 {[%clk 0:10:00]} 31. Nf4 {[%clk 0:11:35]} d2 {[%clk 0:08:55]} 32.
Rc5 {[%clk 0:04:13]} Nh4+ {[%clk 0:06:12]} 33. Kf1 {[%clk 0:03:48]} Qb6 {[%clk
0:05:54]} 0-1

[Event "Irena Warakomska Memorial A"]
[Site "Suwalki"]
[Date "2020.08.08"]
[Round "3"]
[White "Shilov, Sergej"]
[Black "Budzisz, Adrian"]
[Result "1-0"]
[Board "9"]
[WhiteElo "2121"]
[WhiteTitle "FM"]
[WhiteCountry "UKR"]
[WhiteFideId "14101505"]
[WhiteEloChange "4"]
[BlackElo "1901"]
[BlackCountry "POL"]
[BlackFideId "21860238"]
[BlackEloChange "-4"]

1. d4 {[%clk 1:30:55]} Nf6 {[%clk 1:30:54]} 2. c4 {[%clk 1:31:16]} g6 {[%clk
1:30:15]} 3. Nc3 {[%clk 1:31:02]} Bg7 {[%clk 1:30:16]} 4. e4 {[%clk 1:31:24]} d6
{[%clk 1:30:42]} 5. Be2 {[%clk 1:30:43]} O-O {[%clk 1:31:03]} 6. Bg5 {[%clk
1:31:05]} c5 {[%clk 1:31:27]} 7. d5 {[%clk 1:29:34]} e6 {[%clk 1:31:45]} 8. Qd2
{[%clk 1:27:53]} Re8 {[%clk 1:27:07]} 9. Nf3 {[%clk 1:22:52]} exd5 {[%clk
1:25:22]} 10. exd5 {[%clk 1:23:03]} Qb6 {[%clk 1:22:49]} 11. O-O {[%clk 1:18:06]}
Bg4 {[%clk 1:13:05]} 12. h3 {[%clk 1:16:42]} Bxf3 {[%clk 1:11:20]} 13. Bxf3
{[%clk 1:17:03]} Nbd7 {[%clk 1:11:46]} 14. b3 {[%clk 1:12:09]} a6 {[%clk
1:10:32]} 15. Rfe1 {[%clk 1:04:26]} Qb4 {[%clk 1:09:43]} 16. Qc2 {[%clk 0:55:38]}
b5 {[%clk 0:47:33]} 17. Be2 {[%clk 0:52:57]} bxc4 {[%clk 0:29:57]} 18. bxc4
{[%clk 0:52:29]} Rab8 {[%clk 0:29:35]} 19. Rab1 {[%clk 0:51:24]} Qa5 {[%clk
0:29:22]} 20. Bd2 {[%clk 0:51:09]} Qc7 {[%clk 0:29:30]} 21. Qa4 {[%clk 0:50:17]}
Ne4 {[%clk 0:24:44]} 22. Rxb8 {[%clk 0:47:01]} Qxb8 {[%clk 0:23:32]} 23. Nxe4
{[%clk 0:47:05]} Rxe4 {[%clk 0:23:00]} 24. Qxd7 {[%clk 0:46:52]} Be5 {[%clk
0:23:20]} 25. f3 {[%clk 0:39:33]} Bd4+ {[%clk 0:23:24]} 26. Kf1 {[%clk 0:39:33]}
Re5 {[%clk 0:22:36]} 27. Bf4 {[%clk 0:34:10]} Qb2 {[%clk 0:22:01]} 28. Bh6 {[%clk
0:33:12]} Qb8 {[%clk 0:22:22]} 29. Qa4 {[%clk 0:29:58]} Qd8 {[%clk 0:21:24]} 30.
Rb1 {[%clk 0:26:20]} f5 {[%clk 0:17:13]} 31. Qxa6 {[%clk 0:22:29]} Qe8 {[%clk
0:16:32]} 32. Bd3 {[%clk 0:21:28]} Bc3 {[%clk 0:16:15]} 33. Qc6 {[%clk 0:15:39]}
Re1+ {[%clk 0:11:07]} 34. Kf2 {[%clk 0:16:01]} Bd4+ {[%clk 0:11:25]} 35. Kg3
{[%clk 0:16:14]} Qe5+ {[%clk 0:08:44]} 36. Bf4 {[%clk 0:14:13]} Qe8 {[%clk
0:01:55]} 37. Qxe8+ {[%clk 0:12:22]} Rxe8 {[%clk 0:02:19]} 38. Bxd6 {[%clk
0:12:37]} Kg7 {[%clk 0:01:56]} 39. h4 {[%clk 0:11:06]} Re3 {[%clk 0:02:02]} 40.
Rd1 {[%clk 0:40:52]} Re8 {[%clk 0:31:59]} 41. a4 {[%clk 0:40:37]} Kf6 {[%clk
0:32:05]} 42. Bf4 {[%clk 0:40:12]} Ra8 {[%clk 0:31:57]} 43. Bc2 {[%clk 0:40:02]}
Kf7 {[%clk 0:31:58]} 44. Rb1 {[%clk 0:39:57]} Re8 {[%clk 0:32:16]} 45. Rb7+
{[%clk 0:39:41]} Kg8 {[%clk 0:32:40]} 46. Rb8 {[%clk 0:39:51]} 1-0

[Event "Irena Warakomska Memorial A"]
[Site "Suwalki"]
[Date "2020.08.08"]
[Round "3"]
[White "Flis, Pawel"]
[Black "Praczukowski, Stanislaw"]
[Result "0-1"]
[Board "10"]
[WhiteElo "1873"]
[WhiteCountry "POL"]
[WhiteFideId "1112864"]
[WhiteEloChange "-4"]
[BlackElo "2109"]
[BlackCountry "POL"]
[BlackFideId "1182730"]
[BlackEloChange "4"]

1. Nf3 {[%clk 1:30:56]} Nf6 {[%clk 1:30:53]} 2. g3 {[%clk 1:31:22]} d5 {[%clk
1:30:25]} 3. Bg2 {[%clk 1:31:33]} c5 {[%clk 1:30:23]} 4. O-O {[%clk 1:31:55]} e6
{[%clk 1:30:20]} 5. d3 {[%clk 1:31:58]} Nc6 {[%clk 1:29:59]} 6. Nbd2 {[%clk
1:32:09]} Be7 {[%clk 1:30:16]} 7. e4 {[%clk 1:32:29]} O-O {[%clk 1:30:22]} 8. e5
{[%clk 1:31:18]} Nd7 {[%clk 1:30:43]} 9. Re1 {[%clk 1:31:41]} b5 {[%clk 1:30:15]}
10. Nf1 {[%clk 1:18:40]} a5 {[%clk 1:30:03]} 11. h4 {[%clk 1:18:35]} b4 {[%clk
1:28:43]} 12. Bf4 {[%clk 1:16:31]} a4 {[%clk 1:28:32]} 13. a3 {[%clk 1:16:33]}
bxa3 {[%clk 1:28:54]} 14. bxa3 {[%clk 1:16:13]} Ba6 {[%clk 1:26:28]} 15. Ne3
{[%clk 1:05:29]} Na5 {[%clk 1:06:50]} 16. Ng5 {[%clk 0:57:40]} c4 {[%clk
0:52:11]} 17. Qh5 {[%clk 0:26:58]} Bxg5 {[%clk 0:44:20]} 18. hxg5 {[%clk
0:26:46]} Qe8 {[%clk 0:40:15]} 19. Nxd5 {[%clk 0:20:52]} exd5 {[%clk 0:36:55]}
20. Bxd5 {[%clk 0:21:13]} Nb6 {[%clk 0:31:16]} 21. Bxa8 {[%clk 0:17:12]} Nxa8
{[%clk 0:29:18]} 22. e6 {[%clk 0:06:55]} g6 {[%clk 0:18:29]} 23. Qe2 {[%clk
0:06:20]} cxd3 {[%clk 0:15:49]} 24. cxd3 {[%clk 0:06:30]} Qxe6 {[%clk 0:14:27]}
25. Qxe6 {[%clk 0:06:06]} fxe6 {[%clk 0:14:55]} 26. Rxe6 {[%clk 0:05:47]} Bxd3
{[%clk 0:14:11]} 27. Rc1 {[%clk 0:04:15]} Nb3 {[%clk 0:13:46]} 28. Rc3 {[%clk
0:04:19]} Nd4 {[%clk 0:13:18]} 29. Re3 {[%clk 0:01:39]} Ne2+ {[%clk 0:13:26]} 30.
Kh2 {[%clk 0:01:24]} Nxc3 {[%clk 0:13:37]} 31. Rxd3 {[%clk 0:01:50]} Rc8 {[%clk
0:05:56]} 32. Be5 {[%clk 0:01:34]} Ne4 {[%clk 0:05:44]} 33. f4 {[%clk 0:01:07]}
Nb6 {[%clk 0:04:32]} 34. Rd4 {[%clk 0:00:59]} Nc3 {[%clk 0:03:29]} 35. Rd6 {[%clk
0:00:57]} Nc4 {[%clk 0:03:12]} 36. Rd7 {[%clk 0:00:49]} Nxe5 {[%clk 0:03:05]} 37.
fxe5 {[%clk 0:01:14]} Nb5 {[%clk 0:02:25]} 38. e6 {[%clk 0:01:12]} Re8 {[%clk
0:01:47]} 39. e7 {[%clk 0:00:54]} Kf7 {[%clk 0:01:39]} 40. Rb7 {[%clk 0:30:56]}
Nxa3 {[%clk 0:31:44]} 41. Ra7 {[%clk 0:31:17]} Rxe7 {[%clk 0:31:25]} 42. Rxa4
{[%clk 0:31:42]} Nb5 {[%clk 0:31:33]} 43. Kh3 {[%clk 0:31:37]} Nd6 {[%clk
0:30:47]} 44. Rf4+ {[%clk 0:30:45]} Kg7 {[%clk 0:29:11]} 45. Ra4 {[%clk 0:29:12]}
Re4 {[%clk 0:28:16]} 46. Ra7+ {[%clk 0:26:57]} Nf7 {[%clk 0:28:33]} 47. g4 {[%clk
0:26:34]} Kf8 {[%clk 0:26:10]} 48. Kh4 {[%clk 0:25:55]} Ne5 {[%clk 0:24:58]} 49.
Rxh7 {[%clk 0:21:54]} Rxg4+ {[%clk 0:25:03]} 50. Kh3 {[%clk 0:22:19]} Rxg5 {[%clk
0:25:21]} 51. Ra7 {[%clk 0:22:43]} Nf7 {[%clk 0:25:29]} 52. Kh4 {[%clk 0:22:50]}
Rb5 {[%clk 0:25:47]} 53. Kg4 {[%clk 0:22:48]} Rb4+ {[%clk 0:26:07]} 54. Kg3
{[%clk 0:23:15]} Kg7 {[%clk 0:26:25]} 0-1

[Event "Irena Warakomska Memorial A"]
[Site "Suwalki"]
[Date "2020.08.08"]
[Round "3"]
[White "Korbal, Arkadiusz"]
[Black "Backiel, Hubert"]
[Result "1/2-1/2"]
[Board "11"]
[WhiteElo "2088"]
[WhiteCountry "POL"]
[WhiteFideId "1133837"]
[WhiteEloChange "-4"]
[BlackElo "1943"]
[BlackCountry "POL"]
[BlackFideId "21838631"]
[BlackEloChange "4"]

1. d4 {[%clk 1:30:55]} d5 {[%clk 1:30:53]} 2. c4 {[%clk 1:31:13]} e6 {[%clk
1:31:19]} 3. g3 {[%clk 1:31:22]} c6 {[%clk 1:27:30]} 4. Bg2 {[%clk 1:29:21]} Nf6
{[%clk 1:27:15]} 5. Nf3 {[%clk 1:28:40]} Bd6 {[%clk 1:27:01]} 6. Qc2 {[%clk
1:28:24]} O-O {[%clk 1:25:58]} 7. O-O {[%clk 1:28:43]} Nbd7 {[%clk 1:25:23]} 8.
Nbd2 {[%clk 1:28:23]} Qc7 {[%clk 1:15:52]} 9. Rd1 {[%clk 1:26:18]} b6 {[%clk
1:12:20]} 10. e4 {[%clk 1:25:54]} Nxe4 {[%clk 1:09:53]} 11. Nxe4 {[%clk 1:26:14]}
dxe4 {[%clk 1:10:20]} 12. Qxe4 {[%clk 1:26:33]} Bb7 {[%clk 1:08:46]} 13. Ng5
{[%clk 1:20:46]} Nf6 {[%clk 1:08:27]} 14. Qe2 {[%clk 1:18:57]} Rad8 {[%clk
0:58:59]} 15. Ne4 {[%clk 1:11:07]} Nxe4 {[%clk 0:58:44]} 16. Qxe4 {[%clk
1:11:28]} Ba8 {[%clk 0:57:08]} 17. Qg4 {[%clk 1:08:09]} c5 {[%clk 0:43:49]} 18.
Bg5 {[%clk 1:04:17]} Be7 {[%clk 0:28:11]} 19. Bxa8 {[%clk 0:57:59]} Rxa8 {[%clk
0:28:20]} 20. d5 {[%clk 0:57:03]} Bxg5 {[%clk 0:20:20]} 21. Qxg5 {[%clk 0:57:24]}
Rad8 {[%clk 0:20:48]} 22. dxe6 {[%clk 0:56:39]} fxe6 {[%clk 0:21:09]} 23. Qe3
{[%clk 0:47:30]} Qf7 {[%clk 0:19:13]} 24. Rxd8 {[%clk 0:44:45]} Rxd8 {[%clk
0:19:40]} 25. Re1 {[%clk 0:45:06]} Rd6 {[%clk 0:17:54]} 26. b3 {[%clk 0:41:19]}
Qf6 {[%clk 0:17:22]} 27. Qe4 {[%clk 0:39:32]} Rd2 {[%clk 0:17:09]} 28. Re2 {[%clk
0:36:07]} Rxe2 {[%clk 0:16:25]} 29. Qxe2 {[%clk 0:36:30]} Qf5 {[%clk 0:14:09]}
30. Kg2 {[%clk 0:35:16]} h6 {[%clk 0:14:16]} 31. Qf3 {[%clk 0:32:51]} Qc2 {[%clk
0:13:39]} 32. a4 {[%clk 0:30:52]} a5 {[%clk 0:11:03]} 33. h4 {[%clk 0:30:00]} Kh8
{[%clk 0:10:06]} 34. g4 {[%clk 0:30:11]} Kh7 {[%clk 0:09:05]} 35. Kg3 {[%clk
0:30:21]} Qb1 {[%clk 0:09:00]} 36. Kf4 {[%clk 0:29:46]} Qb2 {[%clk 0:08:20]} 37.
g5 {[%clk 0:24:58]} Qd2+ {[%clk 0:06:45]} 38. Kg3 {[%clk 0:17:11]} hxg5 {[%clk
0:04:05]} 39. Qh5+ {[%clk 0:17:31]} Kg8 {[%clk 0:04:19]} 40. hxg5 {[%clk
0:47:12]} Qc3+ {[%clk 0:32:24]} 41. Qf3 {[%clk 0:36:05]} Qe5+ {[%clk 0:11:30]}
42. Qf4 {[%clk 0:35:42]} Qc3+ {[%clk 0:09:13]} 43. Kg2 {[%clk 0:35:28]} Qd3
{[%clk 0:09:05]} 44. Qe5 {[%clk 0:34:00]} Kf7 {[%clk 0:08:57]} 45. Qc7+ {[%clk
0:32:30]} Kg6 {[%clk 0:09:16]} 46. Qxb6 {[%clk 0:32:46]} Qe4+ {[%clk 0:09:18]}
47. f3 {[%clk 0:31:36]} Qe2+ {[%clk 0:08:20]} 48. Kg3 {[%clk 0:31:47]} Qe1+
{[%clk 0:07:59]} 49. Kg2 {[%clk 0:32:02]} Qe2+ {[%clk 0:08:26]} 50. Kg3 {[%clk
0:32:21]} 1/2-1/2

[Event "Irena Warakomska Memorial A"]
[Site "Suwalki"]
[Date "2020.08.08"]
[Round "3"]
[White "Szustakowski, Antoni"]
[Black "Sobocinski, Slawomir"]
[Result "1-0"]
[Board "12"]
[WhiteElo "2295"]
[WhiteTitle "FM"]
[WhiteCountry "POL"]
[WhiteFideId "1167677"]
[WhiteEloChange "2"]
[BlackElo "1914"]
[BlackCountry "POL"]
[BlackFideId "1139452"]
[BlackEloChange "-2"]

1. d4 {[%clk 1:30:57]} Nf6 {[%clk 1:30:45]} 2. c4 {[%clk 1:31:20]} g6 {[%clk
1:31:03]} 3. Nc3 {[%clk 1:31:47]} d5 {[%clk 1:31:06]} 4. cxd5 {[%clk 1:32:11]}
Nxd5 {[%clk 1:31:24]} 5. e4 {[%clk 1:32:37]} Nxc3 {[%clk 1:31:48]} 6. bxc3 {[%clk
1:33:04]} Bg7 {[%clk 1:32:01]} 7. Nf3 {[%clk 1:33:26]} c5 {[%clk 1:32:20]} 8. Rb1
{[%clk 1:33:41]} O-O {[%clk 1:32:27]} 9. Be2 {[%clk 1:33:51]} cxd4 {[%clk
1:32:30]} 10. cxd4 {[%clk 1:34:16]} Qa5+ {[%clk 1:32:37]} 11. Bd2 {[%clk
1:34:41]} Qxa2 {[%clk 1:32:36]} 12. O-O {[%clk 1:35:04]} Bg4 {[%clk 1:32:35]} 13.
Bg5 {[%clk 1:35:16]} h6 {[%clk 1:32:46]} 14. Be3 {[%clk 1:35:40]} Nc6 {[%clk
1:33:01]} 15. d5 {[%clk 1:35:37]} Na5 {[%clk 1:33:17]} 16. Re1 {[%clk 1:35:54]}
b6 {[%clk 1:33:33]} 17. Nd4 {[%clk 1:35:47]} Bxe2 {[%clk 1:33:00]} 18. Rxe2
{[%clk 1:36:13]} Qc4 {[%clk 1:33:20]} 19. h4 {[%clk 1:36:33]} h5 {[%clk 1:31:02]}
20. f4 {[%clk 1:36:02]} Rfd8 {[%clk 1:24:05]} 21. f5 {[%clk 1:34:38]} e5 {[%clk
0:56:27]} 22. fxe6 {[%clk 1:33:03]} fxe6 {[%clk 0:49:20]} 23. Nxe6 {[%clk
1:32:18]} Rd7 {[%clk 0:48:38]} 24. Nxg7 {[%clk 1:30:17]} Kxg7 {[%clk 0:46:18]}
25. Bd4+ {[%clk 1:30:39]} Kh7 {[%clk 0:45:47]} 26. Rc2 {[%clk 1:30:53]} Qa4
{[%clk 0:45:14]} 27. Qd3 {[%clk 1:31:15]} Rad8 {[%clk 0:43:05]} 28. Rf2 {[%clk
1:25:41]} Nc6 {[%clk 0:38:50]} 29. Bb2 {[%clk 1:25:05]} Re8 {[%clk 0:36:42]} 30.
Rbf1 {[%clk 1:15:04]} Nd8 {[%clk 0:28:55]} 31. Qc3 {[%clk 1:12:58]} Rg8 {[%clk
0:26:35]} 32. Rf8 {[%clk 1:13:10]} Qa5 {[%clk 0:21:19]} 33. Qh8+ {[%clk 1:13:32]}
1-0

[Event "Irena Warakomska Memorial A"]
[Site "Suwalki"]
[Date "2020.08.08"]
[Round "3"]
[White "Choroszej, Aleksander"]
[Black "Malaczek, Mateusz"]
[Result "0-1"]
[Board "13"]
[WhiteElo "2059"]
[WhiteCountry "POL"]
[WhiteFideId "1140825"]
[WhiteEloChange "-11"]
[BlackElo "2036"]
[BlackCountry "POL"]
[BlackFideId "1170880"]
[BlackEloChange "11"]

1. d4 {[%clk 1:30:49]} g6 {[%clk 1:30:51]} 2. e4 {[%clk 1:31:07]} Bg7 {[%clk
1:31:16]} 3. Nc3 {[%clk 1:31:20]} d6 {[%clk 1:31:40]} 4. Be3 {[%clk 1:30:35]} a6
{[%clk 1:32:03]} 5. h4 {[%clk 1:30:31]} Nf6 {[%clk 1:28:07]} 6. f3 {[%clk
1:30:43]} Nbd7 {[%clk 1:27:59]} 7. g4 {[%clk 1:28:51]} h6 {[%clk 1:28:01]} 8. Qd2
{[%clk 1:28:27]} b5 {[%clk 1:27:43]} 9. O-O-O {[%clk 1:28:38]} Nb6 {[%clk
1:27:36]} 10. Qf2 {[%clk 1:18:04]} b4 {[%clk 1:25:31]} 11. Nce2 {[%clk 1:18:17]}
Nc4 {[%clk 1:11:36]} 12. Ng3 {[%clk 1:18:24]} Nxe3 {[%clk 1:11:16]} 13. Qxe3
{[%clk 1:18:48]} c6 {[%clk 0:44:08]} 14. h5 {[%clk 1:10:16]} g5 {[%clk 0:35:41]}
15. Kb1 {[%clk 1:03:30]} Qa5 {[%clk 0:32:49]} 16. Nf5 {[%clk 0:55:20]} Bxf5
{[%clk 0:32:45]} 17. gxf5 {[%clk 0:55:41]} Nd7 {[%clk 0:31:54]} 18. f4 {[%clk
0:39:00]} gxf4 {[%clk 0:29:23]} 19. Qxf4 {[%clk 0:39:18]} c5 {[%clk 0:28:41]} 20.
f6 {[%clk 0:13:00]} Bxf6 {[%clk 0:27:12]} 21. Bh3 {[%clk 0:13:15]} cxd4 {[%clk
0:22:04]} 22. Nf3 {[%clk 0:12:30]} Ne5 {[%clk 0:19:39]} 23. Nxd4 {[%clk 0:11:30]}
Nc4 {[%clk 0:15:17]} 24. Qg4 {[%clk 0:09:07]} Qc5 {[%clk 0:08:47]} 25. Rhg1
{[%clk 0:08:52]} Kf8 {[%clk 0:08:41]} 26. e5 {[%clk 0:01:26]} Nxe5 {[%clk
0:05:48]} 27. Qe4 {[%clk 0:01:13]} Rd8 {[%clk 0:04:16]} 28. Rg3 {[%clk 0:00:34]}
Rg8 {[%clk 0:02:20]} 29. Rdg1 {[%clk 0:00:32]} Rg5 {[%clk 0:00:41]} 30. Rxg5
{[%clk 0:00:30]} hxg5 {[%clk 0:00:59]} 31. h6 {[%clk 0:00:29]} Nc4 {[%clk
0:00:51]} 32. Rd1 {[%clk 0:00:27]} Qe5 {[%clk 0:00:35]} 33. Qh1 {[%clk 0:00:31]}
Ne3 {[%clk 0:00:39]} 34. Rd3 {[%clk 0:00:34]} g4 {[%clk 0:00:50]} 35. Bf1 {[%clk
0:00:33]} Nf5 {[%clk 0:00:34]} 36. c3 {[%clk 0:00:34]} Qe1+ {[%clk 0:00:54]} 37.
Kc2 {[%clk 0:00:57]} Nxd4+ {[%clk 0:00:58]} 38. cxd4 {[%clk 0:00:55]} Rc8+ {[%clk
0:01:14]} 39. Kb3 {[%clk 0:01:17]} Qc1 {[%clk 0:01:03]} 40. Qg2 {[%clk 0:30:32]}
Qc4+ {[%clk 0:31:01]} 41. Ka4 {[%clk 0:30:56]} Qxa2+ {[%clk 0:30:01]} 42. Kxb4
{[%clk 0:31:18]} Rc4# {[%clk 0:30:25]} 0-1